Človek a životné prostredie : (socioekologické a ekofilozofické reflexie)

Saved in:
Bibliographic Details
Main Authors: Odlerová, Eva, 1954- (Author), Kusin, Vasiľ, 1943- (Author)
Format: Book
Language:Slovak
Published: Bratislava : STU v Bratislave, 2010
Edition:1. vyd
Subjects:
Online Access:OBSAH
Tags: Add Tag
No Tags, Be the first to tag this record!

MARC

LEADER 00000nam a22000003a 4500
001 stu207796
005 20220317185617.7
008 100720s2010----xo------------------slo-d
020 |a 978-80-227-3265-9 
040 |a STU  |b slo 
041 0 |a slo 
044 |a xo 
080 |a 504 
100 1 |a Odlerová, Eva,  |d 1954-  |4 aut  |u M4000  |9 70  |U MTF Materiálovotechnologická fakulta  |T MTF Ústav priemyselného inžinierstva a manažmentu  |X 4165  |U M4000  |Y 84  |7 A000004165 
245 1 |a Človek a životné prostredie :  |b (socioekologické a ekofilozofické reflexie) 
250 |a 1. vyd 
260 |a Bratislava :  |b STU v Bratislave,  |c 2010 
300 |a 94 s 
650 7 |a človek a príroda  |2 stusub 
650 7 |a životné prostredie  |2 stusub 
700 1 |a Kusin, Vasiľ,  |d 1943-  |4 aut  |u M7100  |9 30  |U MTF Ústav inžinierskej pedagogiky a humatitných vied  |T MTF Katedra inžinierskej pedagogiky a psychológie  |X 3641  |U M7100  |Y 170  |7 A000003641 
856 4 |a https://sweb.mtf.stuba.sk/obsahy/clovek_a_zivotne_prostredie_10  |u https://sweb.mtf.stuba.sk/obsahy/clovek_a_zivotne_prostredie_10  |3 OBSAH 
996 |b 284M044994  |c M*12812-1  |l MMST  |s A  |a 24  |w stu207796_0001 
996 |b 284M044995  |c M*12812-2  |l MMKN  |s A  |a 24  |w stu207796_0002 
996 |b 284M044996  |c M*12812-3  |l MMKN  |s A  |a 24  |w stu207796_0003 
996 |b 284M044997  |c M*12812-4  |l MMKN  |s A  |a 24  |w stu207796_0004 
996 |b 284M044998  |c M*12812-5  |l MMKN  |s A  |a 24  |w stu207796_0005 
996 |b 284M044999  |c M*12812-6  |l MMKN  |s A  |a 24  |w stu207796_0006 
996 |b 284M045000  |c M*12812-7  |l MMKN  |s A  |a 24  |w stu207796_0007 
996 |b 284M045001  |c M*12812-8  |l MMKN  |s A  |a 24  |w stu207796_0008 
996 |b 284M045002  |c M*12812-9  |l MMKN  |s A  |a 24  |w stu207796_0009